| 000 | 01099nas a2200253Ia 4500 | ||
|---|---|---|---|
| 001 | R126/G1529 | ||
| 003 | IT-RoPAU | ||
| 008 | 151124c99999999xx |||||||||||| ||und|| | ||
| 040 | _aIT-RoPAU | ||
| 040 | _cIT-RoPAU | ||
| 041 | _aITALIANO | ||
| 100 |
_aPorro Renato _gCodice Aut. SPICS: 9007 |
||
| 210 | _aPROBLEMI DELL'INFORMAZIONE | ||
| 222 | _aProblemi Dell'Informazione | ||
| 245 |
_aPROBLEMI DELL'INFORMAZIONE, ANNO 24-N.2 (GIUGNO 1999) _bSistema Radiotelevisivo Locale (Il): Emittenti, Bilanci, Prospettive |
||
| 250 | _a1a ed. | ||
| 260 |
_aBOLOGNA _bIL MULINO _c1999 |
||
| 501 |
_bPaulus - SPICS - Società San Paolo EM (non-commercial uses only) _cCopyright2015 |
||
| 300 | _a16 p. [221-236] | ||
| 362 | _aANNO 024, N.02 (GIUGNO 1999) | ||
| 500 | _aRadio e Televisioni Locali: Quante sono in Italia? Pubblico, Pubblicità Erisorse. Tre Piani di Sviluppo per il Futuro. Servizio Pubblico Nelle Realtà Locali. Cosa Significa Cultura in Tv. Identità Locali e Complessità Territoriali. Risorse Pubblicitarie p | ||
| 650 |
_aCOMUNICAZIONE _vPUBBLICAZIONE PERIODICA |
||
| 942 | _cCR | ||
| 999 |
_c148073 _d148073 |
||